|
|
|
|
| LEADER |
01141nam a2200313 4500 |
| 001 |
000007454 |
| 003 |
3616 |
| 005 |
20111004081019.0 |
| 008 |
111004s1985 viesd |
| 020 |
|
|
|c 20000đ
|
| 041 |
0 |
|
|a vie
|
| 082 |
|
|
|a 335.4346
|b Môt
|
| 245 |
|
0 |
|a Một giờ đối với đồng chí Hồ Chí Minh
|b Trích phát biểu của nhân dân và thanh niên thế giới về Chủ tịch Hồ Chí Minh
|c Lê Khánh Hòa s.t, b.s
|
| 250 |
|
|
|a Tái bản có bổ sung
|
| 260 |
|
|
|a H.
|b Thanh Niên
|c 1985
|
| 300 |
|
|
|a 200 tr.
|c 19 cm.
|
| 653 |
|
|
|a Hồ Chí Minh
|
| 700 |
|
|
|a Lê Khánh Hòa
|e S.t, b.s
|
| 910 |
|
|
|a Huỳnh Thị Cẩm Lai
|d 04/10/2011
|
| OWN |
|
|
|a LSP
|
| AVA |
|
|
|a UDN50
|b LSP
|d 335.4346 Môt
|e unavailable
|t Error 5002 Not defined in file expand_doc_bib_avail.
|f 1
|g 1
|h N
|i 0
|k 1
|
| 999 |
|
|
|a From the UDN01
|
| AVA |
|
|
|a UDN50
|b LSP
|d 335.4346 Môt
|e unavailable
|t Error 5002 Not defined in file expand_doc_bib_avail.
|f 1
|g 1
|h N
|i 0
|k 1
|
| TYP |
|
|
|a Monograph
|
| TYP |
|
|
|a Printed language
|
| 980 |
|
|
|a Mạng thư viện Đại học Đà Nẵng
|